<?xml version="1.0" encoding="UTF-8"?>
<record
    xmlns:xsi="http://www.w3.org/2001/XMLSchema-instance"
    xsi:schemaLocation="http://www.loc.gov/MARC21/slim http://www.loc.gov/standards/marcxml/schema/MARC21slim.xsd"
    xmlns="http://www.loc.gov/MARC21/slim">

  <leader>01919nam a22002537a 4500</leader>
  <controlfield tag="005">20211104105941.0</controlfield>
  <controlfield tag="008">211104b           ||||| |||| 00| 0 eng d</controlfield>
  <datafield tag="020" ind1=" " ind2=" ">
    <subfield code="a">9780297850687</subfield>
  </datafield>
  <datafield tag="040" ind1=" " ind2=" ">
    <subfield code="c">AL</subfield>
  </datafield>
  <datafield tag="041" ind1=" " ind2=" ">
    <subfield code="a">eng</subfield>
  </datafield>
  <datafield tag="082" ind1=" " ind2=" ">
    <subfield code="2">23</subfield>
    <subfield code="a">947.084</subfield>
    <subfield code="b">MONY</subfield>
  </datafield>
  <datafield tag="100" ind1=" " ind2=" ">
    <subfield code="a">Simon Sebag Montefiore</subfield>
    <subfield code="9">9667</subfield>
  </datafield>
  <datafield tag="245" ind1=" " ind2=" ">
    <subfield code="a">Young Stalin</subfield>
  </datafield>
  <datafield tag="260" ind1=" " ind2=" ">
    <subfield code="a">London</subfield>
    <subfield code="b">Weidenfield &amp; Nicolson</subfield>
    <subfield code="c">2007</subfield>
  </datafield>
  <datafield tag="300" ind1=" " ind2=" ">
    <subfield code="a">xxviii,307 p.</subfield>
    <subfield code="b">HB</subfield>
    <subfield code="c">24x16 cm</subfield>
  </datafield>
  <datafield tag="365" ind1=" " ind2=" ">
    <subfield code="b">25.00</subfield>
    <subfield code="c">&#xA3;</subfield>
    <subfield code="d">25.00</subfield>
  </datafield>
  <datafield tag="520" ind1=" " ind2=" ">
    <subfield code="a">This revelatory account unveils how Stalin became Stalin, examining his shadowy journey from obscurity to power&#x2014;from master historian Simon Sebag Montefiore.
Based on ten years of research, Young Stalin&#x2014;companion to the prizewinning Stalin: The Court of the Red Tsar&#x2014;is a brilliant prehistory of the USSR, a chronicle of the Revolution, and an intimate biography.  Montefiore tells the story of a charismatic, darkly turbulent boy born into poverty, scarred by his upbringing but possessed of unusual talents. Admired as a romantic poet and trained as a priest, he found his true mission as a murderous revolutionary. Here is the dramatic story of his friendships and hatreds, his many love affairs, his complicated relationship with the Tsarist secret police, and how he became the merciless politician who shaped the Soviet Empire in his own brutal image. Described by The New York Times as "a meticulously researched, autoritative biography," Young Stalin is essential reading for anyone interested in Russian history.
Winner of the Costa Book Award for Biography
A Christian Science Monitor and Seattle Times Best Book of the Year</subfield>
    <subfield code="u">https://sites.google.com/menbooks.zya.me/amonbooks02/pdfbook-download-young-stalin-simon-sebag-montefiore-book</subfield>
  </datafield>
  <datafield tag="650" ind1=" " ind2=" ">
    <subfield code="a">History</subfield>
    <subfield code="9">9669</subfield>
  </datafield>
  <datafield tag="650" ind1=" " ind2=" ">
    <subfield code="a">Soviet Union</subfield>
    <subfield code="9">9670</subfield>
  </datafield>
  <datafield tag="650" ind1=" " ind2=" ">
    <subfield code="a">Heads of State</subfield>
    <subfield code="9">9671</subfield>
  </datafield>
  <datafield tag="651" ind1=" " ind2=" ">
    <subfield code="a">Russia</subfield>
    <subfield code="9">9672</subfield>
  </datafield>
  <datafield tag="700" ind1=" " ind2=" ">
    <subfield code="a">MONEFIORE (Simon Sebag)</subfield>
    <subfield code="9">9668</subfield>
  </datafield>
  <datafield tag="942" ind1=" " ind2=" ">
    <subfield code="2">ddc</subfield>
    <subfield code="c">GF</subfield>
  </datafield>
  <datafield tag="999" ind1=" " ind2=" ">
    <subfield code="c">220376</subfield>
    <subfield code="d">220376</subfield>
  </datafield>
  <datafield tag="952" ind1=" " ind2=" ">
    <subfield code="0">0</subfield>
    <subfield code="1">0</subfield>
    <subfield code="2">ddc</subfield>
    <subfield code="4">0</subfield>
    <subfield code="7">0</subfield>
    <subfield code="8">HIS</subfield>
    <subfield code="a">AL</subfield>
    <subfield code="b">AL</subfield>
    <subfield code="d">2013-03-24</subfield>
    <subfield code="l">0</subfield>
    <subfield code="o">947.084 MONY</subfield>
    <subfield code="p">GF03507</subfield>
    <subfield code="r">2021-11-04 00:00:00</subfield>
    <subfield code="y">GF</subfield>
  </datafield>
</record>
